Quantifying User Delay on Freeway Work Zone Using Vissim (Record no. 553959)
[ view plain ]
| 000 -LEADER | |
|---|---|
| fixed length control field | 00392nam a22001337a 4500 |
| 082 ## - DEWEY DECIMAL CLASSIFICATION NUMBER | |
| Classification number | P-737 |
| 100 ## - MAIN ENTRY--PERSONAL NAME | |
| Personal name | Capt Muhammad Umair Shafqat |
| 9 (RLIN) | 51209 |
| 245 ## - TITLE STATEMENT | |
| Title | Quantifying User Delay on Freeway Work Zone Using Vissim |
| Statement of responsibility, etc. | Muhammad Umair Shafqat |
| 260 ## - PUBLICATION, DISTRIBUTION, ETC. | |
| Place of publication, distribution, etc. | Risalpur, |
| Name of publisher, distributor, etc. | MCE, |
| Date of publication, distribution, etc. | 2017. |
| 300 ## - PHYSICAL DESCRIPTION | |
| Extent | 48p |
| Other physical details | Nil |
| 526 ## - STUDY PROGRAM INFORMATION NOTE | |
| Program name | 0 |
| Interest level | 0 |
| Reading level | 0 |
| Title point value | P_737 |
| 700 ## - ADDED ENTRY--PERSONAL NAME | |
| Personal name | Lt Col Dr Anwaar Ahmed |
| 9 (RLIN) | 51210 |
| 942 ## - ADDED ENTRY ELEMENTS (KOHA) | |
| Source of classification or shelving scheme | |
| Koha item type | Book |
| Withdrawn status | Lost status | Source of classification or shelving scheme | Damaged status | Not for loan | Permanent Location | Current Location | Date acquired | Total Checkouts | Full call number | Barcode | Date last seen | Date last checked out | Copy number | Price effective from | Koha item type |
|---|---|---|---|---|---|---|---|---|---|---|---|---|---|---|---|
| Military College of Engineering (MCE) | Military College of Engineering (MCE) | 09/07/2017 | 1 | P-737 | MCE-P-737 | 03/13/2019 | 02/26/2018 | Project | 09/07/2017 | Book |
